Sports Quiz

Random Sports or Olympics Quiz

Olympic Swimming Events Quiz Stats

 Plays Quiz Updated Aug 4, 2012

Score 0/18 Timer 04:00
8 Plays Today
Event % Correct
100m freestyle
96.3%
200m freestyle
94.2%
100m butterfly
92.9%
100m backstroke
92.5%
50m freestyle
91.1%
200m backstroke
90.7%
200m butterfly
90.5%
400m freestyle
89.1%
100m breaststroke
89.1%
Event % Correct
200m breaststroke
87.1%
800m freestyle
82.2%
400m individual medley
77.1%
200m individual medley
74.6%
4x100m freestyle relay
63.8%
1500m freestyle
59.9%
4x200m freestyle relay
56.7%
4x100m medley relay
55.4%
10km marathon
17.8%

You're not logged in!

Compare scores with friends on all Sporcle quizzes.
OR
Log In

Sporcle TV

Today on Sporcle TV


Watch our educational content, quiz creation guides, and fun videos on Sporcle TV.

Show Comments

Extras

Top Quizzes Today


Score Distribution

Your Account Isn't Verified!

In order to create a playlist on Sporcle, you need to verify the email address you used during registration. Go to your Sporcle Settings to finish the process.

Report this User

Report this user for behavior that violates our Community Guidelines.

Details: